000 00708nam a2200205Ia 4500
003 GCL
008 140319s9999 xx 000 0 ara d
040 _aGCL /
_cGCL
082 0 4 _aط
_b813.02
_bا س
100 1 _aمحمد قطب
245 1 0 _aسلسلة الزهور الجميلة \ البط الصغير - الدبة دبدوبة - ياسمين والزهرة الطيبة /
_cمحمد قطب
700 1 _aامل المغربى
260 _aالقاهرة :
_bدار الفكر العربى
300 _aمتعدد ؛
_c24 سم
490 _aسلسلة الزهور الجميلة
_v0
650 0 4 _aالاطفال
650 0 4 _aالقصص
650 0 4 _aقصص الاطفال
942 _2ddc
_cBK
999 _c56311
_d56311